000 00630nam a2200217Ia 4500
005 20250508160919.0
008 008 250505s9999 xx 000 0 eng d
020 _a0-07-028430-X
037 _aTextual
040 _aFEDL
_beng
_cFEDL
041 _aeng
_2eng
084 _a155.4, HET
_qFEDL
100 _aHetherington E. Mavis
_9769732
245 0 _aChild psychology: A contemporary viewpoint
260 _aNew York, USA
_bMcGraw Hill Book Company
_c1975
300 _axvi,491p
650 _aChild psychology
700 _a Parke Ross D.
_9769733
942 _cTEXL
_h155.4, HET
999 _c1367360
_d1367360